000 00377nam a2200145Ia 4500
008 240729s9999 xx 000 0 und d
022 _a1838-7640
245 0 _aTheranostics
260 _aAustralia
260 _bIvyspring International Publisher
650 _aMedicine
856 _uhttps://doaj.org/toc/2d289f13bd044bc588aac4e3bcc382e2
942 _2ddc
942 _cDOAJEJ
999 _c67461
_d67461
945 _a1
_bMadushi Gamage
_c1
_dMadushi Gamage